Szczegóły MARC21

Trybunał Konstytucyjny, 1982-2018 : rola Rady Ministrów i Prezesa Rady Ministrów w postępowaniach przed TK oraz w wykonywaniu i monitorowaniu orzeczeń TK /

003 -Nazwa inst., której nr kontr. jest w polu 001 [,]
    • @
    • Nazwa instytucji, której n kontrolny jest w polu 001
    • NUKAT
005 -DATA I CZAS OSTATNIEJ MODYFIKACJI [,]
    • @
    • pole kontrolne
    • 20241231092437.0
020 -Międzynarod. znormalizowany nr książki - ISBN [ , ]
    • a
    • Numer ISBN
    • 9788323534471 Find
    • q
    • Dopowiedzenie
    • druk
020 -Międzynarod. znormalizowany nr książki - ISBN [ , ]
    • a
    • Numer ISBN
    • 9788323534631 Find
    • q
    • Dopowiedzenie
    • e-pub
020 -Międzynarod. znormalizowany nr książki - ISBN [ , ]
    • a
    • Numer ISBN
    • 9788323534556 Find
    • q
    • Dopowiedzenie
    • pdf online
020 -Międzynarod. znormalizowany nr książki - ISBN [ , ]
    • a
    • Numer ISBN
    • 9788323534716 Find
    • q
    • Dopowiedzenie
    • mobi
040 -Instytucja sporządzająca opis [ , ]
    • a
    • Instytucja, która sporządziła opis (NP)
    • WR U/PAd
    • b
    • Język katalogowania
    • pol
    • e
    • Zasady katalogowania
    • rda
    • c
    • Instytucja, która sporządziła rekord (NP)
    • WR U/ap
    • d
    • Instytucja, która zmodyfikowała rekord (P)
    • WR U/ml
    • d
    • Instytucja, która zmodyfikowała rekord (P)
    • GD U/AEKs
942 -Rodzaj dokumentu [ , ]
    • c
    • Rodzaj dokumentu
    • Książka
100 -Hasło główne - nazwa osobowa [1, ]
    • a
    • Nazwa osobowa (NP)
    • Knapińska, Joanna.
    • e
    • Rodzaj współpracy
    • Autor
    • 9
    • KHW
    • 477786
245 -Strefa tytułu i oznaczenia odpowiedzialności [1,0]
    • a
    • Tytuł
    • Trybunał Konstytucyjny, 1982-2018 : Find
    • b
    • Ciąg dalszy tytułu (NP)
    • rola Rady Ministrów i Prezesa Rady Ministrów w postępowaniach przed TK oraz w wykonywaniu i monitorowaniu orzeczeń TK / Find
    • c
    • Pozostałe elementy strefy tytułu i oznaczenia odpowiedzialności (NP)
    • Joanna Knapińska.
250 -Strefa wydania [ , ]
    • a
    • Oznaczenie wydania (NP)
    • Wydanie 1.
260 -Strefa adresu wydawniczego [ , ]
    • a
    • Miejsce wydania (P)
    • Warszawa :
    • b
    • Nazwa wydawcy (P)
    • Wydawnictwa Uniwersytetu Warszawskiego,
    • c
    • Data wydania (P)
    • 2018.
300 -Strefa opisu fizycznego [ , ]
    • a
    • Określenie formy książki i/lub objętość (NP)
    • 236 stron ;
    • c
    • Format (NP)
    • 21 cm.
336 -Typ zawartości [ , ]
    • a
    • Termin opisujący typ zawartości
    • Tekst
    • b
    • Kod określający zawartość
    • txt
    • 2
    • Źródło (terminu i kodu)
    • rdacontent
337 -Typ mediów [ , ]
    • a
    • Tryb odtwarzania
    • Bez urządzenia pośredniczącego
    • b
    • Kod typu mediów
    • n
    • 2
    • Źródło (terminu i kodu)
    • rdamedia
338 -Typ/rodzaj nośnika [ , ]
    • a
    • Hasło opisujące typ nośnika
    • Wolumin
    • b
    • Kod typu nośnika
    • nc
    • 2
    • Źródło (terminu i kodu)
    • rdacarrier
504 -Uwaga dot. bibliogr. załącznikowej [ , ]
    • a
    • Uwaga dot. bibliografii załącznikowej
    • Bibliografia na stronach 212-226.
504 -Uwaga dot. bibliogr. załącznikowej [ , ]
    • a
    • Uwaga dot. bibliografii załącznikowej
    • Wykaz orzecznictwa na stronach 227-230, aktów prawnych na stronach 231-236.
610 -Hasło przedmiotowe w formie nazwy ciała zbiorowego [1,7]
    • a
    • Nazwa ciała zbiorowego lub nazwa geograficzna
    • Polska.
    • b
    • Nazwa jednostki podrzędnej
    • Trybunał Konstytucyjny.
    • 2
    • Źródło terminu
    • kaba
    • 9
    • KHW
    • 78984
610 -Hasło przedmiotowe w formie nazwy ciała zbiorowego [1,7]
    • a
    • Nazwa ciała zbiorowego lub nazwa geograficzna
    • Polska.
    • b
    • Nazwa jednostki podrzędnej
    • Trybunał Konstytucyjny
    • x
    • Określnik ogólny
    • orzecznictwo.
    • 2
    • Źródło terminu
    • kaba
    • 9
    • KHW
    • 371704
610 -Hasło przedmiotowe w formie nazwy ciała zbiorowego [1,7]
    • a
    • Nazwa ciała zbiorowego lub nazwa geograficzna
    • Polska.
    • b
    • Nazwa jednostki podrzędnej
    • Krajowa Rada Ministrów
    • y
    • Określnik chronologiczny
    • 1990-.
    • 2
    • Źródło terminu
    • kaba
    • 9
    • KHW
    • 360951
710 -Hasło dodatkowe - nazwa ciała zbiorowego [2, ]
    • a
    • Nazwa ciała zbiorowego lub nazwa geograficzna jako pierwszy element (NP)
    • Wydawnictwa Uniwersytetu Warszawskiego.
    • e
    • Rodzaj współpracy
    • Wydawca
    • 4
    • Kod relacji
    • pbl
    • 9
    • KHW
    • 50781
920 -ISBN [ , ]
    • a
    • ISBN
    • 978-83-235-3447-1 Find
    • q
    • Dopowiedzenie
    • druk
920 -ISBN [ , ]
    • a
    • ISBN
    • 978-83-235-3463-1 Find
    • q
    • Dopowiedzenie
    • e-pub
920 -ISBN [ , ]
    • a
    • ISBN
    • 978-83-235-3455-6 Find
    • q
    • Dopowiedzenie
    • pdf online
920 -ISBN [ , ]
    • a
    • ISBN
    • 978-83-235-3471-6 Find
    • q
    • Dopowiedzenie
    • mobi
Numer inwentarzowy Data inwentaryzacji Status udost. Sygnatura Lokalizacja
SA.246052019-01-041SA.24605BSA